[Event "Abu Dhabi President Cup"]
[Site "Abu Dhabi"]
[Date "2017.12.28"]
[Round "8"]
[White "Al Huwar, Jasem"]
[Black "Mansour, Abbas Khoori"]
[Result "1-0"]
[WhiteElo "2298"]
[BlackElo "1797"]
[PlyCount "79"]
[EventDate "2017.12.22"]
[EventType "swiss"]
[EventRounds "9"]
[EventCountry "UAE"]
[SourceTitle "CBM 182 Extra"]
[Source "ChessBase"]
[SourceDate "2018.02.23"]
[SourceVersion "1"]
[SourceVersionDate "2018.02.23"]
[SourceQuality "1"]

1. Nf3 Nf6 2. g3 b6 3. Bg2 Bb7 4. c4 e6 5. d3 Be7 6. 0-0 0-0 7. e4 d6 8. Ne1 c5 9. e5 Bxg2 10. exf6 Bxf1 11. fxe7 Qxe7 12. Kxf1 Nc6 13. Be3 d5 14. cxd5 exd5 15. Nf3 Rad8 16. d4 c4 17. Nc3 a6 18. a3 b5 19. Nh4 Qd7 20. Qf3 Ne7 21. Re1 a5 22. Bd2 f6 23. Nd1 Nc6 24. Nf5 g6 25. Nh6+ Kg7 26. Be3 Rfe8 27. Ng4 f5 28. Ne5 Nxe5 29. dxe5 d4 30. Bd2 Qc7 31. e6 Qb6 32. Qe2 Rd5 33. e7 Kf7 34. Bxa5 Qc6 35. Kg1 Rd7 36. Bb4 Qd5 37. Qd2 Rexe7 38. Rxe7+ Rxe7 39. Bxe7 Kxe7 40. Nc3 1-0

[Event "Abu Dhabi President Cup"]
[Site "Abu Dhabi"]
[Date "2017.12.23"]
[Round "3"]
[White "Mansour, Abbas Khoori"]
[Black "Al Zaabi, Sultan"]
[Result "1/2-1/2"]
[WhiteElo "1797"]
[BlackElo "1875"]
[PlyCount "140"]
[EventDate "2017.12.22"]
[EventType "swiss"]
[EventRounds "9"]
[EventCountry "UAE"]
[SourceTitle "CBM 182 Extra"]
[Source "ChessBase"]
[SourceDate "2018.02.23"]
[SourceVersion "1"]
[SourceVersionDate "2018.02.23"]
[SourceQuality "1"]

1. e4 e5 2. Nf3 Nc6 3. Bb5 Nf6 4. d3 d6 5. 0-0 Bd7 6. Nbd2 g6 7. c3 Bg7 8. Re1 0-0 9. Nf1 Nh5 10. Ba4 Qe8 11. Ng3 Nxg3 12. hxg3 Kh8 13. Nh4 Qe7 14. Qe2 Nd4 15. Qd1 Bxa4 16. Qxa4 b5 17. Qd1 Ne6 18. Qg4 Nc5 19. Rd1 Qe6 20. Qe2 f5 21. Nf3 Rae8 22. b4 Nd7 23. a4 a6 24. Qa2 Qxa2 25. Rxa2 fxe4 26. dxe4 Ra8 27. Ne1 Nb6 28. a5 Nc4 29. Nc2 Rad8 30. Ne3 Nxe3 31. Bxe3 Rd7 32. Rad2 Kg8 33. Kf1 Kf7 34. Ke2 Ke6 35. c4 Rb8 36. Rc1 Bf8 37. Rcc2 Rb7 38. Rc1 bxc4 39. Rxc4 Be7 40. f3 Bd8 41. Kd1 Rf7 42. Kc2 g5 43. Kc3 Kd7 44. Rc5 c6 45. Rc4 Rb5 46. Rc5 Be7 47. Rxb5 cxb5 48. Rd1 h6 49. Rh1 Bf8 50. Kb3 Re7 51. Rc1 Re8 52. Rc2 Bg7 53. Rc1 Bf6 54. Rc2 Rc8 55. Rc1 Rxc1 56. Bxc1 Ke6 57. Kc3 d5 58. exd5+ Kxd5 59. Kd3 Be7 60. Bd2 Bd6 61. Bc3 Bb8 62. Bd2 Ba7 63. g4 Bd4 64. Be1 Bg1 65. Bd2 Bf2 66. Bc3 Bd4 67. Bd2 Bf2 68. Bc3 Bd4 69. Bd2 Bf2 70. Bc3 Bd4 1/2-1/2

[Event "Abu Dhabi President Cup"]
[Site "Abu Dhabi"]
[Date "2017.12.22"]
[Round "1"]
[White "Mansour, Abbas Khoori"]
[Black "Al Hosani, Omran"]
[Result "0-1"]
[WhiteElo "1797"]
[BlackElo "2116"]
[PlyCount "52"]
[EventDate "2017.12.22"]
[EventType "swiss"]
[EventRounds "9"]
[EventCountry "UAE"]
[SourceTitle "CBM 182 Extra"]
[Source "ChessBase"]
[SourceDate "2018.02.23"]
[SourceVersion "1"]
[SourceVersionDate "2018.02.23"]
[SourceQuality "1"]

1. e4 c5 2. Nf3 e6 3. c3 Nf6 4. e5 Nd5 5. d4 cxd4 6. cxd4 d6 7. Be2 Nc6 8. exd6 Bxd6 9. Nc3 Nxc3 10. bxc3 Qc7 11. 0-0 0-0 12. Re1 b6 13. Bd3 h6 14. Qe2 f5 15. Bd2 Bd7 16. Rac1 Rae8 17. Bc4 Rf6 18. Bb3 Kh8 19. Ne5 Bxe5 20. dxe5 Rg6 21. Rcd1 Na5 22. Bf4 Bc6 23. f3 Qe7 24. Rd6 Qh4 25. g3 Qxf4 26. Kf2 Qg5 0-1

[Event "Asia Cup"]
[Site "Abu Dhabi"]
[Date "2016.03.29"]
[Round "2.2"]
[White "Mansour, Abbas Khoori"]
[Black "Mirzaad, S Wahabuddin"]
[Result "0-1"]
[WhiteElo "1818"]
[BlackElo "2053"]
[PlyCount "64"]
[EventDate "2016.03.28"]
[EventType "team-swiss"]
[EventRounds "9"]
[EventCountry "UAE"]
[SourceTitle "CBM 171 Extra"]
[Source "ChessBase"]
[SourceDate "2016.04.26"]
[SourceVersion "1"]
[SourceVersionDate "2016.04.26"]
[SourceQuality "1"]
[WhiteTeam "United Arab Emirates III"]
[BlackTeam "Afghanistan"]
[WhiteTeamCountry "UAE"]
[BlackTeamCountry "AFG"]

1. e4 d5 2. exd5 Qxd5 3. Nc3 Qa5 4. d4 c6 5. Nf3 Bg4 6. h3 Bxf3 7. Qxf3 Nf6 8. Bc4 e6 9. 0-0 Be7 10. Bb3 0-0 11. Bf4 Nbd7 12. Rfe1 Rfe8 13. Rad1 Qf5 14. g4 Qa5 15. g5 Nd5 16. Nxd5 cxd5 17. c3 Nf8 18. h4 Qb6 19. Kg2 Bd6 20. Bc1 Bc7 21. h5 Qd6 22. Rh1 Nd7 23. Bc2 Rf8 24. Qd3 f5 25. Bb3 f4 26. Bc2 Rf5 27. Kf1 Nf8 28. Rg1 Qe7 29. Qf3 Rxg5 30. Bxf4 Rxg1+ 31. Kxg1 Qf6 32. Bxh7+ Nxh7 0-1

[Event "Calvia Amateur op 11th"]
[Site "Calvia"]
[Date "2014.10.04"]
[Round "1"]
[White "Longa Yauca, Javier"]
[Black "Mansour, Abbas Khoori"]
[Result "1-0"]
[WhiteElo "2277"]
[BlackElo "1891"]
[PlyCount "53"]
[EventDate "2014.10.04"]
[EventType "swiss"]
[EventRounds "9"]
[EventCountry "ESP"]
[SourceTitle "EXT 2015"]
[Source "ChessBase"]
[SourceDate "2014.11.20"]
[SourceVersion "1"]
[SourceVersionDate "2014.11.20"]
[SourceQuality "1"]

1. d4 d5 2. Nf3 c5 3. e3 Nc6 4. b3 Nf6 5. Bb2 e6 6. a3 Be7 7. Bd3 0-0 8. Nbd2 b6 9. 0-0 Bb7 10. Qe2 Rc8 11. c4 cxd4 12. exd4 Re8 13. Rac1 Qd6 14. c5 Qf4 15. b4 Nb8 16. Rfe1 Rc7 17. g3 Qh6 18. Ne5 Nfd7 19. Bb5 Nxe5 20. Bxe8 Ng4 21. Qxg4 Qxd2 22. Bxf7+ Kxf7 23. Qxe6+ Kf8 24. cxb6 Bc8 25. Qe5 Rxc1 26. Qxe7+ Kg8 27. Qe8# 1-0

[Event "Abu Dhabi op 22nd"]
[Site "Abu Dhabi"]
[Date "2014.08.24"]
[Round "5"]
[White "Mansour, Abbas Khoori"]
[Black "Sultan, Ibrahim"]
[Result "0-1"]
[WhiteElo "1913"]
[BlackElo "2023"]
[PlyCount "77"]
[EventDate "2014.08.20"]
[EventType "swiss"]
[EventRounds "9"]
[EventCountry "UAE"]
[SourceTitle "CBM 162 Extra"]
[Source "ChessBase"]
[SourceDate "2014.10.17"]
[SourceVersion "1"]
[SourceVersionDate "2014.10.17"]
[SourceQuality "1"]

1. e4 c5 2. Nf3 d6 3. d4 cxd4 4. Qxd4 Nc6 5. Bb5 Bd7 6. Bxc6 Bxc6 7. Nc3 Nf6 8. Bg5 e6 9. 0-0-0 Be7 10. Kb1 0-0 11. h4 Qa5 12. Qd3 Rfc8 13. Nd4 Be8 14. f4 Bf8 15. Nb3 Qc7 16. f5 Ng4 17. Rdf1 h5 18. Qf3 exf5 19. Qxf5 g6 20. Qf3 Bg7 21. Bd2 Ne5 22. Qd1 Nc4 23. Nd5 Nxd2+ 24. Qxd2 Qd7 25. Nf6+ Bxf6 26. Rxf6 Qe7 27. Rf4 Bc6 28. Re1 Re8 29. Nd4 Qd8 30. Qc3 Rc8 31. Qb3 Rc7 32. Qg3 Rce7 33. Nf5 Rxe4 34. Rexe4 Rxe4 35. Nh6+ Kg7 36. Nxf7 Rxf4 37. Qxf4 Qf6 38. Qxf6+ Kxf6 39. Nxd6 0-1

[Event "Abu Dhabi op 22nd"]
[Site "Abu Dhabi"]
[Date "2014.08.21"]
[Round "2"]
[White "Kryvoruchko, Vita"]
[Black "Mansour, Abbas Khoori"]
[Result "1-0"]
[WhiteElo "2185"]
[BlackElo "1913"]
[PlyCount "33"]
[EventDate "2014.08.20"]
[EventType "swiss"]
[EventRounds "9"]
[EventCountry "UAE"]
[SourceTitle "CBM 162 Extra"]
[Source "ChessBase"]
[SourceDate "2014.10.17"]
[SourceVersion "1"]
[SourceVersionDate "2014.10.17"]
[SourceQuality "1"]

1. e4 e5 2. Nf3 Nc6 3. d4 exd4 4. c3 dxc3 5. Nxc3 Bb4 6. Bc4 Qf6 7. 0-0 Bxc3 8. Bg5 Qg6 9. bxc3 Nh6 10. Qd2 f6 11. Bxh6 gxh6 12. Nd4 Qg5 13. Qe2 d6 14. Rab1 Ne5 15. f4 Bg4 16. fxg5 Bxe2 17. Bxe2 1-0

[Event "UAE President Cup"]
[Site "Abu Dhabi"]
[Date "2012.07.02"]
[Round "6"]
[White "Saleh, Naif"]
[Black "Mansour, Abbas Khoori"]
[Result "0-1"]
[WhiteElo "1790"]
[BlackElo "1933"]
[PlyCount "86"]
[EventDate "2012.06.28"]
[EventType "swiss"]
[EventRounds "9"]
[EventCountry "UAE"]
[SourceTitle "CBM 149 Extra"]
[Source "ChessBase"]
[SourceDate "2012.08.24"]
[SourceVersion "1"]
[SourceVersionDate "2012.08.24"]
[SourceQuality "1"]

1. d4 Nf6 2. Nf3 g6 3. c3 Bg7 4. Bf4 0-0 5. e3 d6 6. h3 Nbd7 7. Be2 b6 8. 0-0 Bb7 9. Nbd2 Nh5 10. Bh2 h6 11. Qc2 e6 12. c4 f5 13. b4 Qe7 14. Rac1 c5 15. bxc5 dxc5 16. Ne5 Nxe5 17. Bxe5 cxd4 18. Bxd4 e5 19. Bb2 Nf6 20. Qb3 Rfd8 21. Rfd1 Rac8 22. Qb5 Nd7 23. Nf3 Nc5 24. Rxd8+ Rxd8 25. Ba3 Bxf3 26. Bxf3 e4 27. Bd1 f4 28. Bxc5 bxc5 29. Qc6 Rd6 30. Qc8+ Kh7 31. Qg4 fxe3 32. fxe3 h5 33. Qe2 Rd3 34. Kh1 Qg5 35. Bc2 Rxe3 36. Qf2 Rxh3+ 37. gxh3 Qxc1+ 38. Kg2 Qg5+ 39. Kf1 Qc1+ 40. Kg2 Qg5+ 41. Kf1 e3 42. Qe2 Qf4+ 43. Kg2 Kh6 0-1

[Event "Arcapita op"]
[Site "Manama"]
[Date "2009.01.30"]
[Round "6"]
[White "Mansour, Abbas Khoori"]
[Black "Bagheri, Amir"]
[Result "0-1"]
[WhiteElo "1957"]
[BlackElo "2486"]
[PlyCount "68"]
[EventDate "2009.01.24"]
[EventType "swiss"]
[EventRounds "9"]
[EventCountry "BHN"]
[SourceTitle "CBM 128 Extra"]
[Source "ChessBase"]
[SourceDate "2009.03.05"]
[SourceVersion "2"]
[SourceVersionDate "2009.03.25"]
[SourceQuality "1"]

1. e4 c6 2. c4 e5 3. Nc3 d6 4. d4 Nd7 5. Nf3 Ngf6 6. Bd3 g6 7. 0-0 exd4 8. Nxd4 Bg7 9. h3 0-0 10. Be3 Re8 11. Qc2 Nc5 12. Rad1 Qe7 13. f3 Nh5 14. Rfe1 Be5 15. b4 Nxd3 16. Qxd3 Qh4 17. Nce2 a5 18. Bf2 Qg5 19. Be3 Qf6 20. b5 c5 21. Nc2 g5 22. Rf1 Nf4 23. Nxf4 gxf4 24. Bc1 Qh4 25. Qe2 Be6 26. Kh1 Kh8 27. Ne1 Rg8 28. Bb2 Bxh3 29. Kg1 f6 30. Rf2 Rg6 31. Kf1 Be6 32. Qd3 Rag8 33. Rc1 Qh1+ 34. Ke2 Bxb2 0-1

[Event "Arcapita op"]
[Site "Manama"]
[Date "2009.01.25"]
[Round "2"]
[White "Golubev, Mikhail"]
[Black "Mansour, Abbas Khoori"]
[Result "1-0"]
[WhiteElo "2487"]
[BlackElo "1957"]
[PlyCount "77"]
[EventDate "2009.01.24"]
[EventType "swiss"]
[EventRounds "9"]
[EventCountry "BHN"]
[SourceTitle "CBM 128 Extra"]
[Source "ChessBase"]
[SourceDate "2009.03.05"]
[SourceVersion "2"]
[SourceVersionDate "2009.03.25"]
[SourceQuality "1"]

1. e4 e5 2. Bc4 Nf6 3. d3 Bc5 4. Nf3 d6 5. 0-0 Nc6 6. c3 Bb6 7. Nbd2 0-0 8. Bb3 Be6 9. Nc4 Qe7 10. Bg5 Rad8 11. a4 h6 12. Bh4 d5 13. exd5 Bxd5 14. Re1 e4 15. Nfd2 g5 16. Bg3 Bxc4 17. Bxc4 Ne5 18. a5 Nxc4 19. Nxc4 Bc5 20. b4 Rxd3 21. Qc2 Bd6 22. Bxd6 Rxd6 23. Nxd6 Qxd6 24. Rad1 Qc6 25. c4 Re8 26. Qc3 a6 27. Rd4 Ng4 28. f3 Nf6 29. fxe4 Nh5 30. Qf3 Nf4 31. e5 Qxf3 32. gxf3 Kg7 33. Rd7 Ne6 34. Kf2 Kg6 35. h4 f5 36. exf6 Kxf6 37. h5 Rh8 38. Kg3 Nf4 39. Kg4 1-0

[Event "UAE President's Cup"]
[Site "Al Ain"]
[Date "2008.08.27"]
[Round "6"]
[White "Al Kaabi, Abdulla"]
[Black "Mansour, Abbas Khoori"]
[Result "1-0"]
[WhiteElo "1790"]
[BlackElo "1968"]
[PlyCount "74"]
[EventDate "2008.08.23"]
[EventType "swiss"]
[EventRounds "9"]
[EventCountry "UAE"]
[SourceTitle "CBM 126 Extra"]
[Source "ChessBase"]
[SourceDate "2008.11.05"]
[SourceVersion "1"]
[SourceVersionDate "2008.11.05"]
[SourceQuality "1"]

1. d4 Nf6 2. c4 g6 3. Nc3 Bg7 4. Bg5 0-0 5. e3 d6 6. Be2 c6 7. Nf3 Nbd7 8. Qc2 a6 9. 0-0 b5 10. b4 Bb7 11. c5 Rc8 12. Rfd1 Qe8 13. Nd2 dxc5 14. dxc5 Nd5 15. Nxd5 cxd5 16. Rac1 e5 17. Nb3 Qe6 18. Na5 Ba8 19. a4 h6 20. Bh4 g5 21. Bg3 f5 22. h3 bxa4 23. Qxa4 Nb8 24. e4 fxe4 25. Bg4 Qe8 26. c6 Bxc6 27. Qb3 Rd8 28. Nxc6 Nxc6 29. Rxd5 Kh8 30. Rxd8 Nxd8 31. Rc7 Qb5 32. Rd7 a5 33. Qc2 Qc6 34. Qd2 Nf7 35. bxa5 Bf6 36. Qa2 Nd6 37. Qe6 Qc1+ 1-0

[Event "Abu Dhabi op 15th"]
[Site "Abu Dhabi"]
[Date "2005.08.20"]
[Round "6"]
[White "Nadig, Kruttika"]
[Black "Mansour, Abbas Khoori"]
[Result "1-0"]
[WhiteElo "2198"]
[BlackElo "2018"]
[PlyCount "69"]
[EventDate "2005.08.14"]
[EventType "swiss"]
[EventRounds "9"]
[EventCountry "UAE"]
[SourceTitle "CBM 107 Extra"]
[Source "ChessBase"]
[SourceDate "2005.09.01"]
[SourceVersion "1"]
[SourceVersionDate "2005.09.01"]
[SourceQuality "1"]

1. e4 d5 2. exd5 Qxd5 3. Nc3 Qd6 4. d4 Nf6 5. h3 a6 6. a4 Nc6 7. Nf3 h6 8. Be2 Bf5 9. Be3 e6 10. 0-0 Be7 11. Bc4 Rd8 12. Qe2 0-0 13. Rad1 Nb4 14. Bb3 Nbd5 15. Bc1 Nxc3 16. bxc3 c5 17. Ne5 Qc7 18. Bb2 Nd5 19. c4 Nf6 20. d5 exd5 21. cxd5 Bd6 22. f4 Rfe8 23. Qf3 b5 24. axb5 axb5 25. c4 b4 26. g4 Bc8 27. Nc6 Rd7 28. Bc2 Bb7 29. Bxf6 gxf6 30. Qd3 f5 31. Qxf5 f6 32. Qg6+ Kf8 33. Qxh6+ Kg8 34. Qg6+ Kf8 35. Qxf6+ 1-0